ARRUPE JESUIT UNIVERSITY

CORONAVIRUS -STOP THE SPREAD - CLEAN,DISINFECT,COVER

Commentary on the Catechism of the Catholic church (Record no. 18611)

MARC details
000 -LEADER
fixed length control field 00579nam a2200193Ia 4500
003 - CONTROL NUMBER IDENTIFIER
control field 0100
008 - FIXED-LENGTH DATA ELEMENTS--GENERAL INFORMATION
fixed length control field 130303s9999 xx 000 0 und d
040 ## - CATALOGING SOURCE
Transcribing agency ARRUPELIB
050 ## - LIBRARY OF CONGRESS CALL NUMBER
Classification number BX1959.5.C384 1994
300 ## - PHYSICAL DESCRIPTION
Other physical details 24 cm
245 ## - TITLE STATEMENT
Title Commentary on the Catechism of the Catholic church
260 ## - PUBLICATION, DISTRIBUTION, ETC. (IMPRINT)
Place of publication, distribution, etc London
260 ## - PUBLICATION, DISTRIBUTION, ETC. (IMPRINT)
Name of publisher, distributor, etc Geoffrey Chapman
260 ## - PUBLICATION, DISTRIBUTION, ETC. (IMPRINT)
-- 1994
300 ## - PHYSICAL DESCRIPTION
Extent 440 p.
650 ## - SUBJECT ADDED ENTRY--TOPICAL TERM
Topical term following geographic name as entry element Christian ethics-Presbyterian authors Social ethics Feminist theology Liberation theology Feminist ethics
700 ## - ADDED ENTRY--PERSONAL NAME
Personal name edited by Michael J. Walsh , Walsh, Michael J
942 00 - ADDED ENTRY ELEMENTS (KOHA)
Koha issues (borrowed), all copies 1
Holdings
Withdrawn status Lost status Source of classification or shelving scheme Damaged status Not for loan Collection code Home library Current library Shelving location Date acquired Total Checkouts Full call number Barcode Date last seen Date checked out Copy number Price effective from Koha item type
    Library of Congress Classification     Main Collection ARRUPE LIBRARY ARRUPE LIBRARY   04/03/2013 1 BX1959.5.C384 1994 46003028055 22/11/2017 17/04/2014 1 04/03/2013 Monograph ( Printed materials)

 

Arrupe Library. PO Box MP320 Mt Pleasant, Harare, Zimbabwe
263 242 745411|librarian@aju.ac.zw